| 000 | 01394cam0 2200349 ib4500 | ||
|---|---|---|---|
| 001 | BY-HR0017-br5806328 | ||
| 010 |
^a978-5-222-45921-8 ^d1.40 р. |
||
| 035 | ^a(BY-MI0004)BY-MI0004-br52661 | ||
| 100 | ^a20251203d2025 c y0rusy50 ca | ||
| 101 | 0 | ^arus | |
| 102 | ^aRU | ||
| 105 | ^ay z 000oy | ||
| 109 | ^ama | ||
| 200 | 1 |
^aАленький цветочек ^eсказка ключницы Пелагеи ^e[для младшего школьного возраста] ^fСергей Аксаков |
|
| 205 | ^a9-е изд. | ||
| 210 |
^aРостов-на-Дону ^cФеникс ^d2025 |
||
| 215 | ^a62 с. | ||
| 225 | 1 | ^aШкольная программа по чтению | |
| 333 | ^a0+ | ||
| 345 | ^912 000 экз. | ||
| 608 |
^aЛИТЕРАТУРНАЯ СКАЗКА ^3BY-NLB-ar16440 ^2BYGNR |
||
| 608 |
^aДЕТСКАЯ И ЮНОШЕСКАЯ ЛИТЕРАТУРА (художеств. произведение) ^3BY-NLB-ar9019 ^2BYGNR |
||
| 686 |
^a84(2=411.2)5 мл. ^2rubbk |
||
| 690 |
^a1 ^2Base ^9BY-MI0001 ^xRSEK |
||
| 700 | 1 |
^aАксаков ^bС. Т. ^gСергей Тимофеевич ^cписатель ^f1791—1859 ^3BY-NLB-ar96297 |
|
| 801 | 0 |
^aBY ^bBY-HR0017 ^c20251203 ^gRCR |
|
| 801 | 2 |
^aBY ^bBY-MI0001 ^c20260206 ^gRCR |
|
| 035 | ^a(BY-MI0001)BY-HR0017-br5806328 | ||
| 899 | 0 |
^aBY-MI0001 ^iА41 ^h84 |
|